| 000 | 01017caa a22001937a 4500 | ||
|---|---|---|---|
| 999 |
_c442992 _d442992 |
||
| 003 | UA-OsUOA | ||
| 005 | 20191127165840.0 | ||
| 008 | 191127b un ||||| |||| 00| 0 ukr d | ||
| 040 |
_aUA-OsUOA _bukr _cUA-OsUOA _dUA-OsUOA |
||
| 041 | _aukr | ||
| 080 | _a908 | ||
| 090 | _a908 | ||
| 100 | _aАвгустюк О. | ||
| 245 |
_aСимволіко-алегорична палітра творів іконописного мистецтва збірки художника-реставратора М. М. Бендюка _cО. Августюк |
||
| 300 | _aС. 314–320 | ||
| 773 | 0 |
_0366895 _9390170 _dОстрог Свинарчук Р. В. 2011 _o136211 _tІсторія музейництва, пам'яткоохоронної справи, краєзнавства і туризму в м. Острозі і на Волині _w(UA-OsUOA) 80586 |
|
| 942 |
_2udc _cBKA |
||